书目信息 |
| 题名: |
大气涡旋动力学
|
|
| 作者: | 刘式达 , 刘式适 著 | |
| 分册: | ||
| 出版信息: | 北京 气象出版社 2011.03 |
|
| 页数: | 278页 | |
| 开本: | 26cm | |
| 丛书名: | ||
| 单 册: | ||
| 中图分类: | P433 | |
| 科图分类: | ||
| 主题词: | 涡旋--大气动力学--研究 , 涡旋 , 大气动力学 | |
| 电子资源: | ||
| ISBN: | 978-7-5029-5178-8 | |
| 000 | 01032nam0 2200265 450 | |
| 001 | 004865924 | |
| 005 | 20130701093738.93 | |
| 010 | @a978-7-5029-5178-8@dCNY48.00 | |
| 100 | @a20110624d2011 em y0chiy50 ea | |
| 101 | 0 | @achi |
| 102 | @aCN@b110000 | |
| 105 | @aa z 001yy | |
| 106 | @ar | |
| 200 | 1 | @a大气涡旋动力学@9da qi wo xuan dong li xue@f刘式达,刘式适著 |
| 210 | @a北京@c气象出版社@d2011.03 | |
| 215 | @a278页@c图@d26cm | |
| 330 | @a本书力图从这些涡旋速度场的奇点(即涡旋中无风点)的性质来定性判断这些涡旋的二维、三维结构。书中并不是去解大气运动方程组,而是从力的平衡的角度,求出这些涡旋的速度表达式,利用微分方程定性理论来分析这些涡旋的奇点性质。由此在应用方面,能利用气象上常用的控制参数(水平辐合辐散、涡旋强度等)来判断大气涡旋的结构,从几何和拓扑上将涡旋加以分类。 | |
| 606 | 0 | @a涡旋@x大气动力学@x研究 |
| 606 | 0 | @a涡旋 |
| 606 | 0 | @a大气动力学 |
| 690 | @aP433@v4 | |
| 701 | 0 | @a刘式达@9liu shi da@4著 |
| 701 | 0 | @a刘式适@9liu shi shi@4著 |
| 801 | 0 | @aCN@bNLC@c20110624 |
| 905 | @b544960-64@dP433@e83@f5 | |
| 大气涡旋动力学/刘式达,刘式适著.-北京:气象出版社,2011.03 |
| 278页:图;26cm |
| ISBN 978-7-5029-5178-8:CNY48.00 |
| 本书力图从这些涡旋速度场的奇点(即涡旋中无风点)的性质来定性判断这些涡旋的二维、三维结构。书中并不是去解大气运动方程组,而是从力的平衡的角度,求出这些涡旋的速度表达式,利用微分方程定性理论来分析这些涡旋的奇点性质。由此在应用方面,能利用气象上常用的控制参数(水平辐合辐散、涡旋强度等)来判断大气涡旋的结构,从几何和拓扑上将涡旋加以分类。 |
| ● |
| 相关链接 |
|
|
|
|
正题名:大气涡旋动力学
索取号:P433/83
 
预约/预借
| 序号 | 登录号 | 条形码 | 馆藏地/架位号 | 状态 | 备注 |
| 1 | 544960 | 205449601 | 第二样本阅览室/ [索取号:P433/83] | 在馆 | |
| 2 | 544961 | 205449610 | 第三借阅区/ [索取号:P433/83] | 在馆 | |
| 3 | 544962 | 205449629 | 第三借阅区/ [索取号:P433/83] | 在馆 | |
| 4 | 544963 | 205449638 | 第三借阅区/ [索取号:P433/83] | 在馆 | |
| 5 | 544964 | 205449647 | 第三借阅区/ [索取号:P433/83] | 在馆 |